000
00319nam a22001337a 4500
008
170411b xxu||||| |||| 00| 0 eng d
020
_a
0803669488
041
_a
eng
080
_a
612.39
100
_a
9
101
_a
SHM
245
_a
MODERN BLOOD BANKING AND TRANSFUSION PRACTICES
_c
PITTIGLIO, D.H
942
_2
udc
_c
BK
999
_c
10354
_d
10354